| 000 | 01332cam a22003497a 4500 | ||
|---|---|---|---|
| 003 | CHAP | ||
| 005 | 20220329133831.0 | ||
| 008 | 971013s1986 r 00010 d | ||
| 010 | _a11548 | ||
| 011 | _a12520 | ||
| 035 | _a15706 | ||
| 040 | _cCHAP | ||
| 090 | _aTesis | ||
| 100 | 0 | 0 |
_aNieto González, Luis Alfredo. _981265 |
| 245 | 0 | _aEfecto residual del abonado con estiércol de ganado vacuno, en algunas propiedades físicas y químicas del suelo y su influencia en el cultivo de frijol (Phaseolus vulgaris L.), bajo riego en el Municipio de Marin, Nuevo León | |
| 260 |
_aMarín, N. L. : _bEl autor, _c1986 |
||
| 300 |
_a145 h. _b; gráfs. |
||
| 502 | _aTesis (Ing. Agrónomo Fitotecnista). -- Univ. Autónoma de Nuevo León. Fac. de Agronomía | ||
| 590 |
_aALEPH _b10 _c20130110 _lUCH01 _h1229 |
||
| 590 |
_aBATCH-UPD _b10 _c20130110 _lUCH01 _h1526 |
||
| 590 |
_aBATCH-UPD _b10 _c20130410 _lUCH01 _h0935 |
||
| 590 |
_aBATCH-UPD _b10 _c20130914 _lUCH01 _h1326 |
||
| 590 |
_aCONVERSION _b10 _c20130109 _lUCH01 _h1308 |
||
| 650 | 1 | 4 |
_aAbonos _xEfecto en frijol. _9250 |
| 650 | 1 | 4 |
_aEstiércol de vaca. _938326 |
| 650 | 1 | 4 |
_aSuelos _xFertilidad. _9110367 |
| 650 | 1 | 4 |
_aSuelos _xFísica de. _9110373 |
| 650 | 1 | 4 |
_aSuelos _xQuímica de. _9110470 |
| 901 | _aBK | ||
| 942 | _cTESIS | ||
| 949 |
_bBC _cTES _d-27915 _eTS1 _h20153 _i15706 _si |
||
| 999 |
_c11548 _d11548 |
||